| 000 | 00866nam a2200313Ia 4500 | ||
|---|---|---|---|
| 003 | OSt | ||
| 005 | 20221006144348.0 | ||
| 006 | a|||||r|||| 00| 0 | ||
| 007 | ta | ||
| 008 | 221006b |||||||| |||| 00| 0 eng d | ||
| 020 | _c4.50 | ||
| 024 | _a11,514 | ||
| 037 | _cTextual | ||
| 040 |
_aEASL _cEASL _beng |
||
| 041 |
_2eng _aeng |
||
| 082 | _aU8.41.N52, J3 | ||
| 100 | _aSHAH K T | ||
| 245 | 0 | _aPromise that is new China | |
| 260 |
_aBombay _bVora & Co. _c1953 |
||
| 300 |
_a342p. _ccm. |
||
| 490 | _v CEL | ||
| 650 |
_a China - Canton to Peking _9651805 |
||
| 650 |
_a China - Constitution and Government _9651806 |
||
| 650 |
_a China - North East _9651807 |
||
| 650 |
_a China - Railways and Landscape _9651808 |
||
| 650 |
_aChina - Journey _9651809 |
||
| 942 |
_hU8.41.N52, J3 _cTEXL _2CC |
||
| 999 |
_c1079600 _d1079600 |
||